ბათუმის შოთა რუსთაველის სახელმწიფო უნივერსიტეტის ბიბლიოთეკა

XX საუკუნის ფსიქოლოგიის ძირითადი მიმდინარეობები / (ბიბ.ჩანაწერი № 34797)

000 -ლიდერი
ფიქსირებული სიგრძის საკონტროლო ველი 01257nam a2200277Ia 4500
001 - საკონტროლო ნომერი
საკონტროლო ველი 607
003 - საკონტროლო ნომრის იდენტიფიკატორი
საკონტროლო ველი GE_BSU
005 - ბოლო ოპერაციის თარიღი და დრო
საკონტროლო ველი 20221125114358.0
008 - ფიქსირებული სიგრძის მონაცემთა ელემენტები - ზოგადი ინფორმაცია
ფიქსირებული სიგრძის საკონტროლო ველი 181216s2004||||ge |||||||||||||| ||geo||
020 ## - წიგნის საერთაშორისო სტანდარტული ნომერი
International Standard Book Number 9994023438x
040 ## - კატალოგიზაციის წყარო
Transcribing agency GE_BSU
041 ## - ენის კოდი
Language code of text/sound track or separate title geo
080 ## - უნივერსალური ათობითი კლასიფიკაციის ინდექსი
Universal Decimal Classification number 159.9 ი-47
100 ## - მთავარი ჩანაწერი - პიროვნების სახელი
Personal name იმედაძე, ირაკლი
9 (RLIN) 5687
245 ## - ცნობა სათაურის შესახებ
Title XX საუკუნის ფსიქოლოგიის ძირითადი მიმდინარეობები /
Statement of responsibility, etc ირაკლი იმედაძე ; რედაქტორი შოთა ნადირაშვილი.
264 ## - წარმოების, გამოცემის, დისტრიბუციის და სხვა ცნობები
გამოცემის, წარმოების, დისტრიბუციის... ადგილი თბილისი
გამოცემის, წარმოების, დისტრიბუციის... სახელწოდება ენა და კულტურა,
გამოცემის, წარმოების, დისტრიბუციის... თარიღი 2004.
300 ## - ფიზიკური აღწერა
Extent 375 გვ.
Other physical details ფოტ. ;
Dimensions 20 სმ.
653 ## - INDEX TERM--UNCONTROLLED
Uncontrolled term განწყობის ფსიქოლოგია;
653 ## - INDEX TERM--UNCONTROLLED
Uncontrolled term ფსიქოლოგია
653 ## - INDEX TERM--UNCONTROLLED
Uncontrolled term ჰუმანისტური ფსიქოლოგია;
653 ## - INDEX TERM--UNCONTROLLED
Uncontrolled term გენეტიკური ფსიქოლოგია;
653 ## - INDEX TERM--UNCONTROLLED
Uncontrolled term ფსიქოლოგიური თეორიები;
700 ## - ADDED ENTRY--PERSONAL NAME
Personal name ნადირაშვილი, შოთა
Relator term რედაქტორი
9 (RLIN) 747
942 ## - ADDED ENTRY ELEMENTS (KOHA)
Koha item type წიგნი
Source of classification or shelving scheme
ეგზემპლარები
ჩამოწერის სტატუსი დაკარგული ეგზემპლარის სტატუსი კლასიფიკაციის წყარო ან თაროზე გაწყობის სქემა დაზიანების სტატუსი არ გაიცემა მუდმივი მდებარეობა (დაცვის ადგილი) ამჟამინდელი ადგილსამყოფელი თაროზე განთავსების ადგილი შეძენის თარიღი ღირებულება, შესყიდვის ნორმალური ფასი სრული შენახვის შიფრი შტრიხკოდი ბოლო ოპერაციის თარიღი ეგზემპლარის მიმდევრობითი ნომერი (კეტერი?) ფასის ძალაში შესვლის თარიღი ეგზემპლარის სახეობა საჯარო შენიშვნა
          ბათუმის შოთა რუსთაველის სახელმწიფო უნივერსიტეტის მთავარი ბიბლიოთეკა ბათუმის შოთა რუსთაველის სახელმწიფო უნივერსიტეტის მთავარი ბიბლიოთეკა წიგნსაცავი 2018-12-17 15.00 159.9 ი-47 1166 2018-12-17 1166 2018-12-17 წიგნი 15 ლ. 60 თ.